FC25 TOP 50 RATINGS - Statistiken

Allgemein
  • Dieses Quiz wurde 136 mal gespielt
  • Das Durchschnittsergebnis liegt bei 21 aus 50
Antwortstatistiken
Hint Antwort % Korrekt
91 Mbappe
97%
91 Haaland
94%
90 Kane
87%
88 Messi
84%
91 Rodri
78%
90 Vinicius
78%
90 Bellingham
77%
88 Lewandowski
73%
87 Musiala
72%
90 De Bruyne
71%
88 Ederson
69%
88 Wirtz
68%
89 Ter Stegen
67%
89 Alisson
66%
89 Van Dijk
62%
89 Courtois
61%
89 Salah
58%
88 Foden
52%
88 Rüdiger
48%
88 Dias
47%
89 Martinez
45%
87 Martinez
45%
88 Oblak
43%
88 Valverde
42%
90 Putellas
41%
89 Odegaard
40%
88 Silva
40%
91 Bonmati
34%
88 Kobel
34%
88 Griezmann
30%
90 Kerr
27%
87 Saliba
26%
89 Donnaruma
22%
87 Gündogan
20%
90 Hansen
20%
87 De Jong
19%
89 Smith
19%
87 Sommer
16%
89 Hegerberg
14%
88 Endler
12%
88 Paredes
12%
87 Bastoni
11%
89 Mapi Leon
11%
88 Renard
11%
88 Diani
9%
88 Guijarro
8%
88 Katoto
7%
88 Reiten
6%
88 Debinha
4%
88 Mead
4%
Keine übereinstimmenden Quizze gefunden
Verteilung der Resultate
Anzahl Personen mit jedem Resultat
Perzentil nach korrekt beantworteten Fragen
Ihre Resultats-Entwicklung
Sie haben dieses Quiz noch nicht gespielt